| 000 | 01611nam a2200373Ia 4500 | ||
|---|---|---|---|
| 001 | Z_6495 | ||
| 003 | CHAP | ||
| 008 | 220113s1986 xx 000 0 und d | ||
| 010 | _a169760 | ||
| 020 | _a968-884-007-6 | ||
| 040 | _cCHAP | ||
| 082 | _a338.1 K34 | ||
| 100 |
_aKaerger, Karl, 1858 -1903 _9144955 |
||
| 240 | _aLandwirtschaft und kolonisation im spanischen amerika | ||
| 245 |
_aAgricultura y colonizacion en México en 1900 / _cKarl kaerger ; traducción de Pedro Lewin y Gudrun Dohrmann ; introducción Roberto Melville ; responsable de versíón en español Teresa Rojas Rabiela... [et.al.] |
||
| 260 |
_aMéxico : _bUACh :, _bCentro de Investigaciones y Estudios Superiores en Antopológia Social, _c1986 |
||
| 300 | _a349 p. | ||
| 500 | _aTraduccion de : landwirtschaft und kolonisation im spanischen amerika \ Cuidado de la edición: Benjamín Araujo \ Fotografía: Pedro Rojas \ Diseño de portada: Fernando Rodríguez | ||
| 503 | _aej.1: donación 2014 | ||
| 504 | _aincluye índice | ||
| 650 |
_aAgricultura _x _x Aspectos económicos _x _x Historia _9144956 |
||
| 650 |
_aAgricultura _x _x Historia _x _x México _9144957 |
||
| 700 |
_a Dohrmann, Gudrun, tr. _9144958 |
||
| 700 |
_a Melville, Roberto, pról. _9144959 |
||
| 700 |
_a Rojas Rabiela, Teresa, rep. ver. español _9144960 |
||
| 700 |
_aLewin, Pedro, tr. _9144961 |
||
| 710 |
_aUniversidad Autónoma Chapingo \ Centro de Investigaciones y Estudios Superiores en Antropología Social (México) _9144962 |
||
| 901 | _a338.1 K34 | ||
| 902 | _aM | ||
| 910 | _a1986 | ||
| 942 | _c1 | ||
| 942 | _cc1 | ||
| 999 |
_c169760 _d169760 |
||